Towards a reconstruction of Macroeconomics (Registro nro. 6092)

Detalles MARC
000 -LEADER
fixed length control field 01089 a2200205 4500
001 - CONTROL NUMBER
control field 57004
005 - DATE AND TIME OF LATEST TRANSACTION
control field 20260407155832.0
008 - FIXED-LENGTH DATA ELEMENTS--GENERAL INFORMATION
fixed length control field 260407a1976 arg spa d
003 - CONTROL NUMBER IDENTIFIER
control field AR-UNSa-BCEJYS
040 ## - CATALOGING SOURCE
Original cataloging agency AR-UNSa-BCEJYS
Language of cataloging spa
Transcribing agency AR-UNSa-BCEJYS
080 ## - UNIVERSAL DECIMAL CLASSIFICATION NUMBER
Universal Decimal Classification number 330.101.541
Common auxiliary subdivision Macroeconomía
020 ## - INTERNATIONAL STANDARD BOOK NUMBER
International Standard Book Number 0-8447-1318-X
100 1# - MAIN ENTRY--PERSONAL NAME
Personal name Fellner, William
245 10 - TITLE STATEMENT
Title Towards a reconstruction of Macroeconomics
Name of part/section of a work problems of theory and policy
264 #1 - PRODUCTION, PUBLICATION, DISTRIBUTION, MANUFACTURE, AND COPYRIGHT NOTICE
Place of production, publication, distribution, manufacture Whashington :
Name of producer, publisher, distributor, manufacturer American Enterprise Institute for Public Policy Research
Date of production, publication, distribution, manufacture, or copyright notice 1976
300 ## - PHYSICAL DESCRIPTION
Extent 150 p.
Dimensions 22 cm.
505 ## - FORMATTED CONTENTS NOTE
Formatted contents note 1. The main theme and the nature of the approach – 2. Fundamentals in an elementary analytical framework – 3. Employment theory and the price level – 4. Induced innovations, distributive shares, and sustainable employment along the growth path – 5. Outline of a macroeconomic equilibrium system and the problema of shortcuts – 6. Monetarist and neo-kynesian leanings: useful or misleanding labels? – 7. Policy problems, present and future
590 ## - LOCAL NOTE (RLIN)
Local note niveau_biblio:m niveau_hierar:0
942 ## - ADDED ENTRY ELEMENTS (KOHA)
Koha item type
Existencias
Withdrawn status Lost status Damaged status Not for loan Home library Current library Shelving location Date acquired Total checkouts Full call number Barcode Date last seen Price effective from Koha item type
        Biblioteca Prof. Eusebio Cleto del Rey Biblioteca Prof. Eusebio Cleto del Rey   07/04/2026   330.101.541 F317 L128644 07/04/2026 07/04/2026 Libro